11 Fußballspieler mit min. 6 BuLi-Vereinen - Statistiken

Allgemein
  • Dieses Quiz wurde 86 mal gespielt
  • Das Durchschnittsergebnis liegt bei 3 aus 11
Antwortstatistiken
Anzahl
Vereine
Jahr erstes und
letztes BuLi Spiel
Stationen (in der BuLi) Antwort % Korrekt
6 2007 2022 Werder BremenFC St. Pauli SC Freiburg Borussia Mönchengladbach VfL Wolfsburg 1. FC Union Berlin Max Kruse
79%
6 2007 2019 FC Bayern MünchenWerder Bremen 1. FC Kaiserslautern Hertha BSC Darmstadt 98 TSG 1899 Hoffenheim SandroWagner
55%
6 2016 noch aktiv Hannover 96Eintracht Frankfurt Borussia Dortmund Hertha BSC 1. FC Köln FC Augsburg MariusWolf
47%
6 2009 noch aktiv VfL BochumFC Augsburg 1. FC Köln TSG 1899 Hoffenheim Werder Bremen 1. FC Union Berlin KevinVogt
42%
7 2011 2024 (noch aktiv in 2. BuLi) VfL Wolfsburg1. FC Nürnberg 1. FSV Mainz 05 1. FC Union Berlin VfL Bochum Schalke 04 Darmstadt 98 Sebastian Polter
41%
6 2001 2017 FC Bayern München1. FC Köln 1. FSV Mainz 05 Borussia Dortmund 1. FC Nürnberg FC Augsburg MarkusFeulner
15%
6 1987 2001 Hamburger SV1. FC Kaiserslautern Bayern München 1. FC Köln Werder Bremen Arminia Bielefeld BrunoLabbadia
14%
6 2006 2016 Hertha BSC1. FC Kaiserslautern VfL Wolfsburg TSG 1899 Hoffenheim Eintracht Frankfurt SC Paderborn 07 Srdan Lakic
12%
6 1985 1997 Bayer LeverkusenHannover 96 VfL Bochum Werder Bremen 1. FC Köln FC Schalke 04 StefanKohn
5%
7 1985 1998 VfB StuttgartKarlsruher SC Borussia Mönchengladbach FC Hansa Rostock Hamburger SV 1. FC Dynamo Dresden VfL Wolfsburg MichaelSpies
2%
6 1967 1984 Karlsruher SC1. FC Nürnberg Borussia Dortmund Rot-Weiß Essen FC St. Pauli Hannover 96 JürgenRynio
0%
Keine übereinstimmenden Quizze gefunden
Verteilung der Resultate
Anzahl Personen mit jedem Resultat
Perzentil nach korrekt beantworteten Fragen
Ihre Resultats-Entwicklung
Sie haben dieses Quiz noch nicht gespielt